Sustainable Built Environments / (Record no. 616499)

000 -LEADER
fixed length control field 00479nam a22001817a 4500
003 - CONTROL NUMBER IDENTIFIER
control field NUST
005 - DATE AND TIME OF LATEST TRANSACTION
control field 20260304115407.0
008 - FIXED-LENGTH DATA ELEMENTS--GENERAL INFORMATION
fixed length control field 260304b ||||| |||| 00| 0 eng d
020 ## - INTERNATIONAL STANDARD BOOK NUMBER
International Standard Book Number 978-1071606841
082 ## - DEWEY DECIMAL CLASSIFICATION NUMBER
Classification number 720.47
Author Mark ROB
100 ## - MAIN ENTRY--PERSONAL NAME
Personal name Robert A. Meyers.
9 (RLIN) 54063
245 ## - TITLE STATEMENT
Title Sustainable Built Environments /
Statement of responsibility, etc. Robert A. Meyers.
250 ## - EDITION STATEMENT
Edition statement 2nd Edition
260 ## - PUBLICATION, DISTRIBUTION, ETC.
Place of publication, distribution, etc. New York:
Name of publisher, distributor, etc. Springer,
Date of publication, distribution, etc. 2020.
300 ## - PHYSICAL DESCRIPTION
Extent 713 ;
Dimensions 36.00 cm
563 ## - BINDING INFORMATION
Binding note Hardcover
942 ## - ADDED ENTRY ELEMENTS (KOHA)
Source of classification or shelving scheme
Koha item type Book
Holdings
Withdrawn status Lost status Source of classification or shelving scheme Damaged status Not for loan Permanent Location Current Location Date acquired Total Checkouts Full call number Barcode Date last seen Price effective from Koha item type
          Institute of Geographical Information Systems (IGIS) Institute of Geographical Information Systems (IGIS) 03/04/2026   720.47 ROB IGIS-24 03/04/2026 03/04/2026 Book
© 2023 Central Library, National University of Sciences and Technology. All Rights Reserved.